General Lucio Blanco Int. Airport Destinations (Reynosa, Mexico) - Map - Statistics

General Stats
  • This quiz has been taken 8 times
  • The average score is 4 of 5
Answers on the Map
Answers color-coded by a green-red scale on the quiz's map according to % correct below.
 
Answer Stats
Destination % Correct
Cancún
100%
Mexico City
100%
Guadalajara
86%
Mexico City (AIFA)
57%
Veracruz
43%
No matching quizzes found
Score Distribution
Percent of People with Each Score
Percentile by Number Answered
Your Score History
You have not taken this quiz